Culture G commençant par D - Statistiques

Statistiques générales
  • Ce quiz a été pris 254 fois
  • Le résultat moyen est 12 sur 30
Statistiques - réponses
Question Réponse % Correct
Jour de la semaine Dimanche
100%
Mois de l'année Décembre
97%
Magasin de sport mondialement connu Décathlon
88%
Il permet aux personnes âgées de se déplacer Déambulateur
85%
Le chameau a deux bosses mais lui une seule Dromadaire
84%
Le créateur de cet univers s'appelle Walt Disney
80%
Double champion du Monde des Bleus (1 en jouant, l'autre en dirigeant) Didier Deschamps
75%
Autre nom du bateau viking Drakkar
68%
Département français dont le nom s'oppose a Dur Doubs
67%
Directeur mythique de Poudlard durant les années d'Harry Dumbledore
67%
Prénom mixte dont le nom est un pays antillais Dominique
62%
Affaire historique de la 3eme République Dreyfus
60%
Acteur dont l'identité pourrait être Alcool Carburant Vin Diesel
48%
Ville anglaise sonnant comme une confrontation entre deux clubs proches Derby
45%
Capitale principale ou de facto de la Tanzanie Dodoma / Dar es Salaam
35%
Règles et valeurs mises en place dans une entreprise Déontologie
29%
Synonyme d'exclusion quand il s'agit d'un résultat sportif Disqualification
26%
Variante sportive de la balle aux prisonniers Dodgeball
26%
Imagerie médicale pour explorer les flux sanguins Doppler
17%
Fusion en une seule syllabe de deux éléments vocaliques Diphtongue
15%
Il est noir dans un film avec Scarlett Johansson Dahlia
13%
Exception par rapport à la règle d'origine Dérogation
13%
Capitale du territoire autonome de l'île de Man Douglas
8%
Film réalisé en 2016 par Tim Miller Deadpool
6%
Élément chimique ayant comme numéro atomique le 66 Dysprosium
5%
Ville de Tunisie en lien avec la question précédente Douz
4%
On l'assimile au fructose et au glucose Dextrose
3%
Cela s'apparente à une vision double Diplopie
2%
En management, cet auteur à créé la Direction par Objectifs Peter Drucker
2%
À effet purgatif violent Drastique
0%
Aucun quiz correspondant
Distribution des résultats
% des personnes avec chaque résultat
Percentile par nombre de réponses
Votre historique - résultats
Vous n’avez pas pris ce quiz